| 000 | 00698nam a2200229 a 4500 | ||
|---|---|---|---|
| 999 |
_c11292 _d11292 |
||
| 001 | 11292 | ||
| 003 | BD-JhCC | ||
| 005 | 20200206134008.0 | ||
| 008 | 190622s20142018bg |||| ||a| 000 0 ben d | ||
| 020 | _a9879844951136 | ||
| 035 | _a(BD-JhCC)11292 | ||
| 040 |
_aBD-JhCC _dBD-JhCC |
||
| 041 | _aben | ||
| 082 |
_a891.443 _bKAM 2018 |
||
| 100 | _aকামাল, মোস্তফা | ||
| 245 |
_aজননী / _cমোস্তফা কামাল । |
||
| 260 |
_aঢাকা: _bপার্ল পাবলিকেশন্স; _c২০১৮. |
||
| 300 |
_a২৫৫ পৃ. : _c ২২ সেমি. |
||
| 650 | _a Bengali Novel | ||
| 942 |
_2ddc _cBK _02 |
||